000 01547cam a2200349 i 4500
001 28335
003 Mx-PuUPA
005 20260219130746.0
008 140415s2023 mx a gr 000 0 spa d
020 _a9786071745491
040 _aMx-PuUPA
_bspa
_cMx-PuUPA
_dMx-PuUPA
_erda
041 1 _aspa
_hfre
100 1 _aPhilippe Gérard,
_cconsultor en comunicación
_917843
_eautor
240 1 3 _aLa boite a outils de la communication.
_lEspañol
245 1 0 _aComunicación organizacional /
_cPhilippe Gérard, Bernadette Jézéquel ; Andrés Ramos García, traductor
250 _aPrimera edición /
_bmayo
264 1 _aMéxico, D.F. :
_bEditorial Trillas,
_c©2023
300 _a192 páginas :
_bilustraciones, diagramas, tablas ;
_c27 cm
336 _2rdacontent
_atexto
_btxt
337 _2rdamedia
_asin medio
_bn
338 _2rdacarrier
_avolumen
_bnc
490 0 _aLa caja de herramientas
500 _a"56 herramientas y métodos. Contenidos aplicables a la vida cotidiana ; Información sintética y visual ; Estudios de caso, ejemplos y ejercicios". -- Cubierta
650 7 _2armarc
_aComunicación en administración
650 7 _2armarc
_aAdministración
700 1 _aJézéquel, Bernadette,
_eautor
700 1 _aRamos García, Andrés,
_etraductor
765 0 _aPhilippe Gérard, consultor en comunicación
_bCuarta edición
_dMalakoff, Francia : Dunod Éditeur, 2019
_tLa boite a outils de la communication.
_z9782100796175
942 _2ddc
_cLI
_h658.45
_iP54
999 _c28335
_d28335